| 000 | 00945cam a2200301 a 4500 | ||
|---|---|---|---|
| 001 | 4440901 | ||
| 003 | OSt | ||
| 005 | 20230928080924.0 | ||
| 008 | 940520s1994 moua b 001 0 eng | ||
| 010 | _a 94161543 | ||
| 020 | _a0801628059 | ||
| 040 |
_aDLC _cDLC _dDLC |
||
| 050 | 0 | 0 |
_aRC846.9 _b.L44 1994 |
| 082 | 0 | 0 |
_aWI 700 L515d 1994 _220 |
| 100 | 1 |
_aLee, Randall G. _93075 |
|
| 245 | 1 | 0 | _aDiagnostic Liver Pathology |
| 250 | _a1st ed. | ||
| 260 |
_aSt. Louis : _bMosby, _cc1994. |
||
| 300 |
_avii, 517 p. : _bill. ; _c29 cm. |
||
| 504 | _aIncludes bibliographical references and index. | ||
| 650 | 0 |
_aLiver _xDiseases. _93076 |
|
| 650 | 2 |
_aLiver _xpathology. _93077 |
|
| 650 | 2 |
_aLiver Diseases _xdiagnosis. _93078 |
|
| 650 | 2 |
_aLiver Diseases _xpathology. _93079 |
|
| 906 |
_a7 _bcbc _corignew _d2 _encip _f19 _gy-gencatlg |
||
| 942 |
_2z _cSLOAN |
||
| 999 |
_c1128 _d1128 |
||